L'Algérie des femmes = women's Algeria : (Record no. 4570)

MARC details
000 -LEADER
fixed length control field 00603nam a22002057a 4500
003 - CONTROL NUMBER IDENTIFIER
control field LK-CoMWRAF
005 - DATE AND TIME OF LATEST TRANSACTION
control field 20231226135318.0
008 - FIXED-LENGTH DATA ELEMENTS--GENERAL INFORMATION
fixed length control field 231226b1994 |||||||| |||| 00| 0 eng d
040 ## - CATALOGING SOURCE
Original cataloging agency LK-CoMWRAF
Modifying agency LK-CoMWRAF
Description conventions LK-CoMWRAF
041 ## - LANGUAGE CODE
Language code of text/sound track or separate title English
041 ## - LANGUAGE CODE
Language code of text/sound track or separate title French
082 ## - DEWEY DECIMAL CLASSIFICATION NUMBER
Classification number 323.34
Item number DAI
942 ## - ADDED ENTRY ELEMENTS (KOHA)
Koha item type Books
100 ## - MAIN ENTRY--PERSONAL NAME
Personal name Daïffa
245 ## - TITLE STATEMENT
Title L'Algérie des femmes = women's Algeria :
Remainder of title dessins - drawings
260 ## - PUBLICATION, DISTRIBUTION, ETC. (IMPRINT)
Place of publication, distribution, etc. [S.l.]:
Name of publisher, distributor, etc. Women Living Under Muslim Laws,
Date of publication, distribution, etc. 1994
300 ## - PHYSICAL DESCRIPTION
Extent 50 p. : ill.
650 ## - SUBJECT ADDED ENTRY--TOPICAL TERM
Topical term or geographic name as entry element Women's rights- Algeria -Caricatures and cartoons
650 ## - SUBJECT ADDED ENTRY--TOPICAL TERM
Topical term or geographic name as entry element Wit and humor -Women authors
Holdings
Withdrawn status Lost status Damaged status Not for loan Permanent Location Current Location Date acquired Full call number Barcode Koha item type
        Resource center, Muslim Women's Research And Action Forum Resource center, Muslim Women's Research And Action Forum 2023-12-26 323.34 DAI RAF4633 Books
        Resource center, Muslim Women's Research And Action Forum Resource center, Muslim Women's Research And Action Forum 2024-02-03 323.34 DAI RAF3859 Books

Copyright © 2023 Muslim Women's Research and Action Forum (MWRAF), No 27/3, Anderson Road, Kalubowila, Dehiwela. Funded by The Asia Fundation